Elektronické praktikum z mykológie vysokoškolské skriptá

Bibliographic Details
Main Authors: Gáperová, Svetlana, 1964- (Author), Gáper, Ján, 1957- (Author), Michalíková, Alžbeta, 1979- (Author), Beck, Terézia, 1990- (Author)
Other Authors: Hámorník, Ján, Bc (Editor)
Format: Software eBook
Language:Slovak
PhysicalDescription:1 CD-ROM farebný 12 cm
Published: Banská Bystrica Univerzita Mateja Bela 2019
ISBN:9788055716725
Edition:1. vydanie
Subjects:

MARC

LEADER 00000nam a2200000 4500
001 vtls011969454
003 SK-MaSNL
005 20260301145626.0
007 co cg auuua
008 200526s2019 xo | fqp 000 0 slo
020 |a 9788055716725  |q (elektronická kniha) 
040 |a SNK  |b slo  |c SNK  |e rda 
041 0 |a slo 
044 |a xo  |c SK 
072 7 |a 582  |x Systematická botanika  |2 konspekt 
080 |a 582.28  |2 2011 
080 |a (075.8)  |2 2011 
080 |a (0.034.2)  |2 2011 
080 |a (0.034.44)  |2 2011 
100 1 |a Gáperová, Svetlana,  |d 1964-  |4 aut  |9 194704 
245 1 0 |a Elektronické praktikum z mykológie  |b vysokoškolské skriptá  |c Svetlana Gáperová,Ján Gáper, Alžbeta Michalíková, Tereza Beck ; elektronické spracovanie: Ján Hámorník 
250 |a 1. vydanie 
264 1 |a Banská Bystrica  |b Univerzita Mateja Bela  |c 2019 
300 |a 1 CD-ROM  |b farebný  |c 12 cm 
336 |a text  |b txt  |2 rdacontent 
337 |a počítač  |b c  |2 rdamedia 
338 |a počítačový disk  |b cd  |2 rdacarrier 
347 |a textový súbor  |b PDF  |2 rda 
500 |a Názov z titulnej obrazovky 
500 |a Nad názvom: Univerzita Mateja Bela v Banskej Bystrici, Fakulta prírodných vied 
504 |a Obsahuje bibliografické odkazy 
650 0 7 |a mykológia  |2 SNKPH  |9 20345 
650 0 7 |a huby  |2 SNKPH  |9 3562 
650 0 7 |a Mycology  |2 SNKPHeng  |9 270498 
650 0 7 |a Mushrooms  |2 SNKPHeng  |9 270497 
655 7 |a CD-ROM  |2 SNKPH  |9 70236 
655 7 |a učebnice vysokých škôl  |2 SNKPH  |9 70191 
655 7 |a Textbooks (higher)  |2 SNKPHeng  |9 276436 
700 1 |a Gáper, Ján,  |d 1957-  |4 aut  |9 194702 
700 1 |a Michalíková, Alžbeta,  |d 1979-  |4 aut  |9 255502 
700 1 |a Beck, Terézia,  |d 1990-  |4 aut  |9 261874 
700 1 |a Hámorník, Ján,  |c Bc.  |4 edt  |9 505705 
710 2 |a Univerzita Mateja Bela v Banskej Bystrici.  |b Fakulta prírodných vied  |4 pbl 
852 |a Štátna vedecká knižnica v Banskej Bystrici 
919 |a 978-80-557-1672-5 
958 |a NB 
999 |c 780792  |d 782722 
952 |a SNK  |b SNK  |y PREZ  |7 0  |p 17A1426809  |o snkSCDM 11230  |i snk2020/14074  |8 0  |0 0  |1 0  |4 0  |d 2020-08-11  |l 0  |r 2026-02-24 01:03:45  |w 2026-02-24